000 00822nas a2200253 4500
001 BR9002307
003 BR-BrBNA
005 20231205091849.0
007 ta
008 230509b bl.|||p| |||| 00| 00por d
040 _aBR-BrBNA
_bpor
_cBiblioteca Nacional de Agricultura
041 _a(Pt)
072 _aJ10; F03
100 1 _aUsberti, R.
245 1 _aDeterminacao do potencial de armazenamento de lotes de sementes de Brachiaria decumbens pelo teste de envelhecimento acelerado
650 _aCAPIM BRACHIARIA
650 _aSEMENTE
650 _aARMAZENAMENTO
650 _aGERMINACAO
650 _aDORMENCIA DA SEMENTE
773 0 _tPesquisa Agropecuaria Brasileira (Brazil)
_xISSN 0100-204X
_g(May 1990), v. 25(5) p. 691-699
_wBR9002307
909 _a202311
_bLúcia
_c55
_dLúcia Elande
942 _2AGRIS
_n0
_cANA
999 _c127823
_d127823